| 000 | 00994cam a2200301 i 4500 | ||
|---|---|---|---|
| 008 | |||
| 020 | _a9781107686465 (paperback) | ||
| 040 |
_aNUST _cNUST |
||
| 049 | _aMAIN | ||
| 090 |
_aRC483 _bSTA |
||
| 100 | 1 | _aStahl, M. Stephen. | |
| 245 | 1 | 0 |
_aStahl's Essential Pyschopharmacology: Neuroscientific Basis and Practical Applications / _cStahl, Steve Model |
| 250 | _aFourth edition | ||
| 260 |
_aCambridge : _bCambridge University Press , _c2013. |
||
| 300 |
_axv, 608 pages: _billustrations ; _c26 cm |
||
| 336 |
_atext _btxt _2rdacontent |
||
| 337 |
_aunmediated _bn _2rdamedia |
||
| 338 |
_avolume _bnc _2rdacarrier |
||
| 500 | _aIncludes index. | ||
| 504 | _aIncludes bibliographical references. | ||
| 650 | 0 |
_aMental disorders _xdrug therapy |
|
| 650 | 1 | 2 |
_aPsychotropic drugs _xpharmacology. |
| 700 | 1 | _aMunter, Nancy | |
| 907 |
_a.b10398120 _b21-08-19 _c05-07-19 |
||
| 003 | |||
| 005 | 20230123141143.0 | ||
| 942 |
_cBOOKS _kRC483 _mSTA |
||
| 999 |
_c168593 _d168593 |
||